000 00344pab a2200157 454500
008 180718b2010 xxu||||| |||| 00| 0 eng d
100 _aReddy, C.P.
245 _aWatershed management programmes
260 _c2010
300 _ap.41-44.
362 _aJan
650 _aWatersheds
773 _aKurukshetra
908 _aN
909 _a85240
999 _c85240
_d85240